تخطي إلى المحتوى

Электрооборудование современных тракторов и автомобилей учебное пособие

Приведены общие сведения по устройству и работе электрооборудования тракторов и автомобилей. Даны практические рекомендации по регулировкам современного автотракторного электрооборудования. Предназначено для студентов 2–3 курсов направления подготовки 35.03.06 «Агроинженерия» очной формы обучения....

وصف كامل

محفوظ في:
التفاصيل البيبلوغرافية
المؤلف الرئيسي: Брусенков А. В.
مؤلفون آخرون: Прохоров А. В., Кадомцев А. И., Павлов А. Г.
التنسيق: Книга
اللغة:Russian
منشور في: Тамбов ТГТУ 2021
الوصول للمادة أونلاين:https://e.lanbook.com/book/320384
https://e.lanbook.com/img/cover/book/320384.jpg
الوسوم: إضافة وسم
لا توجد وسوم, كن أول من يضع وسما على هذه التسجيلة!
LEADER 01797nam0a2200313 i 4500
001 320384
003 RuSpLAN
005 20240216150941.0
008 240216s2021 ru gs 000 0 rus
020 |a 978-5-8265-2423-7 
040 |a RuSpLAN 
041 0 |a rus 
044 |a ru 
080 |a 631.37(075.8) 
084 |a О-33-048.2я73  |2 rubbk 
245 0 0 |a Электрооборудование современных тракторов и автомобилей  |b учебное пособие  |c Брусенков А. В.,Прохоров А. В.,Кадомцев А. И.,Павлов А. Г. 
260 |a Тамбов  |b ТГТУ  |c 2021 
300 |a 100 с. 
504 |a Библиогр.: доступна в карточке книги, на сайте ЭБС Лань 
520 8 |a Приведены общие сведения по устройству и работе электрооборудования тракторов и автомобилей. Даны практические рекомендации по регулировкам современного автотракторного электрооборудования. Предназначено для студентов 2–3 курсов направления подготовки 35.03.06 «Агроинженерия» очной формы обучения. 
521 8 |a Книга из коллекции ТГТУ - Инженерно-технические науки 
521 8 |a СЭБ 
100 1 |a Брусенков А. В. 
700 1 |a Прохоров А. В. 
700 1 |a Кадомцев А. И. 
700 1 |a Павлов А. Г. 
856 4 |u https://e.lanbook.com/book/320384 
856 4 8 |u https://e.lanbook.com/img/cover/book/320384.jpg 
953 |a https://e.lanbook.com/img/cover/book/320384.jpg 
Cannot write session to /tmp/vufind_sessions/sess_uvl1diuq480ngp48qjn189ivr5